000 01033nam a22003012a 4500
999 _c7525
_d7525
001 7525
003 BD - JhCC
005 20181006120650.0
008 500101s1935 enkf b 001 0 eng d
035 _a(BD - JhCC)7525
040 _aOQP
_cOQP
_dEQO
_dBD - JhCC
041 _aeng
082 _a428.2
_219
_bFIL 1980
100 _aThompson, Fillmer, H.
245 _aAmerican Book English /
_cFillmer, H. Thompson, Ann Lefcourt and Nell C. Thompson
260 _aLondon :
_bConstable ;
_aNew York :
_bR.R. Bowker Co,
_c1980
300 _axvi, 170, viii p., 8 leaves of plates ;
_c23 cm
500 _aIncludes index
650 0 _aEnglish literature
_xFirst editions
650 0 _aAmerican literature
_xFirst editions
_vBibliography.
650 0 _aEnglish literature
_y19th century
_xBibliography
650 0 _aBooks
_xPirated editions
700 _aLefcourt, Ann
700 _aThompson, Nell C.
830 0 _aBibliographia, studies in book history and book structure, 1750-1900 ;
_vno. 9
942 _2ddc
_cBK